[Event "SVK-ch U08 Girls"]
[Site "Stara Lubovna"]
[Date "2022.05.21"]
[Round "1"]
[White "Krumlovska, Adela"]
[Black "Barlikova, Dominika"]
[Result "1-0"]
[WhiteElo "1000"]
[BlackElo "1000"]
[PlyCount "71"]
[EventDate "2022.05.21"]
[EventType "tourn"]
[EventRounds "10"]
[EventCountry "SVK"]
[SourceTitle "CBM 208 Extra"]
[Source "ChessBase"]
[SourceDate "2022.07.31"]
[SourceVersion "1"]
[SourceVersionDate "2022.07.31"]
[SourceQuality "1"]

1. e4 e5 2. Bc4 Nf6 3. Nc3 Bd6 4. Nf3 0-0 5. d3 Nxe4 6. dxe4 Nc6 7. Bg5 Rb8 8. Bxd8 Nb4 9. Be7 Nxc2+ 10. Qxc2 b6 11. Bxf8 Kxf8 12. Nb5 Ba6 13. Nxd6 Bxc4 14. Nxc4 Rb7 15. Nd6 cxd6 16. Ng5 Rc7 17. Qxc7 d5 18. exd5 g6 19. Qxd7 Kg7 20. Qxf7+ Kh6 21. Qf6 Kh5 22. Qxe5 Kg4 23. Qe7 Kf5 24. Qxh7 Kf6 25. Qxa7 b5 26. Qa5 Kxg5 27. Qxb5 Kf6 28. d6 Ke6 29. Qg5 Kxd6 30. Qxg6+ Kd5 31. Qg4 Kd6 32. Qg5 Kc6 33. Rd1 Kb6 34. Rd6+ Ka7 35. Qg7+ Ka8 36. Rd8# 1-0